[Event "OS INCLIVEIS"]
[Site "http://www.queenalice.com/game.php?id=1208169"]
[Date "2013.8.14"]
[Round "-"]
[White "adelio"]
[Black "EdoVillarroel"]
[Result "0-1"]
[WhiteElo "1758"]
[BlackElo "1945"]

1. b4 e6 2. b5 a6 3. c4 axb5 4. cxb5 Nf6 5. Nf3 d5 6. Bb2 Bd6 7. Bxf6 Qxf6 8. d4
O-O 9. a3 e5 10. Ra2 e4 11. Ne5 Re8 12. e3 Nd7 13. h4 Nxe5 14. dxe5 Qxe5 15. g4
Bb4+ 16. Nd2 Rxa3 17. Rxa3 Bxa3 18. Be2 d4 19. Nc4 Bb4+ 20. Kf1 Qxb5 21. exd4
Bxg4 22. Bxg4 Qxc4+ 23. Be2 Qc3 24. h5 Rd8 25. d5 c6 26. Qb1 Rxd5 27. Qxe4 Qe1+
28. Kg2 Rg5+ 29. Qg4 Rxg4+ 30. Bxg4 Qe5 31. Rh3 Qg5 32. Kf3 Qd5+ 33. Ke2 Qe4+
34. Kd1 Qxg4+ 35. Kc2 Qxh3 36. Kb2 Qc3+ 37. Kb1 Qd2 38. f4 Bc3 39. h6 Qb2# 0-1

[Event "Challenge"]
[Site "http://www.queenalice.com/game.php?id=1211772"]
[Date "2013.8.27"]
[Round "-"]
[White "EdoVillarroel"]
[Black "pestiferous"]
[Result "1-0"]
[WhiteElo "1979"]
[BlackElo "1971"]

1. e4 e6 2. d4 d5 3. e5 c5 4. c3 Nc6 5. Nf3 Qb6 6. a3 Nh6 7. b4 cxd4 8. cxd4 Nf5
9. Bb2 Be7 10. Bd3 Bd7 11. Bc2 Na5 12. Bxf5 exf5 13. Nc3 Nc4 14. Nxd5 Qc6 15.
Nxe7 Kxe7 16. d5 Qa6 17. d6+ Kf8 18. Bd4 Rc8 19. O-O Be6 20. a4 b6 21. b5 Qb7
22. Rc1 h6 23. Nd2 Kg8 24. Qe2 Kh7 25. Nxc4 1-0

[Event "Challenge"]
[Site "http://www.queenalice.com/game.php?id=1211773"]
[Date "2013.8.27"]
[Round "-"]
[White "EdoVillarroel"]
[Black "Antoniel_Barbosa"]
[Result "1-0"]
[WhiteElo "2089"]
[BlackElo "2237"]

1. e4 e5 2. Nf3 Nc6 3. d4 d6 4. dxe5 Nxe5 5. Nxe5 dxe5 6. Qxd8+ Kxd8 7. Nc3 Nf6
8. Bg5 Be6 9. O-O-O+ Kc8 10. f3 Bc5 11. Bd3 h6 12. Bh4 Nh5 13. Na4 Be3+ 14. Kb1
Nf4 15. Bf1 f6 16. Re1 Rd8 17. b3 Bd4 18. c3 Bb6 19. Kc1 c6 20. Kc2 g5 21. Bg3
Rd7 22. Nxb6+ axb6 23. Ra1 Kc7 24. Bf2 Rad8 25. Be3 f5 26. g3 fxe4 27. fxe4 Rd3
28. Bxd3 Nxd3 29. Rad1 Nc5 30. Rxd8 Kxd8 31. b4 Nxe4 32. Bxb6+ Ke7 33. Re1 Bf5
34. g4 Bg6 35. c4 Ke6 36. h3 Nc5+ 37. Kd2 Nd3 38. Rf1 Nxb4 39. Bd8 Kd7 40. Rf6
Be4 41. Bb6 Nxa2 42. Rxh6 Bg2 43. Rh7+ Ke6 44. Rxb7 Bxh3 45. Ba5 Bf1 46. c5 Kd5
47. Rb2 Bc4 48. Bd8 Kxc5 49. Bxg5 Kd6 50. Be3 Ke6 51. Rb8 Kf7 52. Kc2 Be6 53.
Kb2 Bxg4 54. Kxa2 Ke7 55. Rb7+ Kd6 56. Kb3 Bf3 57. Kb4 Bg2 58. Rf7 Ke6 59. Rf2
Be4 60. Kc5 Bd5 61. Bg5 e4 62. Kd4 Kd7 63. Ke5 Kc7 64. Rb2 Bg8 65. Kxe4 c5 66.
Ke5 c4 67. Ra2 Kb6 68. Be3+ Kb5 69. Ra7 c3 70. Rc7 Kb4 71. Kd4 Kb3 72. Rxc3+ Kb4
73. Rc8 Be6 74. Rb8+ Ka4 75. Bd2 Bg4 76. Rb4+ Ka5 77. Kc5 Bd1 78. Rb1+ Ka4 79.
Rxd1 Kb3 80. Rc1 Kb2 81. Kb4 Ka2 82. Kc3 Ka3 83. Ra1# 1-0

[Event "Challenge"]
[Site "http://www.queenalice.com/game.php?id=1211776"]
[Date "2013.8.27"]
[Round "-"]
[White "EdoVillarroel"]
[Black "slashberg"]
[Result "1-0"]
[WhiteElo "2009"]
[BlackElo "1998"]

1. e4 Nf6 2. e5 Nd5 3. c4 Nb6 4. d4 d6 5. f4 dxe5 6. fxe5 Nc6 7. Be3 Bf5 8. Nc3
e6 9. Nf3 Bb4 10. Rc1 Bg4 11. Kf2 O-O 12. Ne4 Be7 13. Be2 Bf5 14. Ng3 Bg6 15.
Bd3 Bxd3 16. Qxd3 Nb4 17. Qb3 Qd7 18. Rhd1 Qa4 19. Qxa4 Nxa4 20. a3 Nxb2 21.
axb4 Nxd1+ 22. Rxd1 Bxb4 23. Rb1 a5 24. Ne4 b6 25. g4 Rfd8 26. h4 1-0

[Event "Challenge"]
[Site "http://www.queenalice.com/game.php?id=1211777"]
[Date "2013.8.27"]
[Round "-"]
[White "adelio"]
[Black "EdoVillarroel"]
[Result "0-1"]
[WhiteElo "1761"]
[BlackElo "1971"]

1. b4 e5 2. b5 d5 3. Bb2 Bd6 4. h4 c6 5. e3 Nf6 6. Be2 Bd7 7. a4 O-O 8. h5 Re8
9. f4 exf4 10. Bxf6 Qxf6 11. c3 fxe3 12. dxe3 Bg3+ 13. Kd2 Rxe3 14. Nf3 Bf4 15.
Kc2 Bf5+ 16. Kb2 Bxb1 17. Nd4 Be4 18. Ra3 Nd7 19. h6 Bxh6 20. Rxh6 Qxh6 21. Nf3
Nc5 22. c4 Qf6+ 23. Nd4 Rxe2+ 24. Qxe2 Qxd4+ 25. Ka2 Re8 26. Re3 Bb1+ 27. Kxb1
Rxe3 28. Qc2 Re1+ 29. Qc1 Qd3+ 30. Ka2 Qb3+ 31. Ka1 Rxc1# 0-1

[Event "Challenge"]
[Site "http://www.queenalice.com/game.php?id=1211778"]
[Date "2013.8.27"]
[Round "-"]
[White "slashberg"]
[Black "EdoVillarroel"]
[Result "0-1"]
[WhiteElo "1969"]
[BlackElo "2049"]

1. e4 e6 2. Nc3 d5 3. d4 Nf6 4. e5 Nfd7 5. f4 c5 6. Nf3 Nc6 7. Be3 a6 8. a3 b5
9. Bf2 cxd4 10. Nxd4 Nxd4 11. Bxd4 Bc5 12. Bxc5 Nxc5 13. Qd4 Qb6 14. b4 Na4 15.
Qxb6 Nxb6 16. a4 Bd7 17. axb5 Bxb5 18. Nxb5 axb5 19. Rxa8+ Nxa8 20. Bxb5+ Kd8
21. Kd2 Kc7 22. Bd3 Nb6 23. Ra1 Kb7 24. Ba6+ Kc7 25. Ra5 Rb8 26. Rc5+ Kd8 27. c3
f6 0-1

[Event "Challenge"]
[Site "http://www.queenalice.com/game.php?id=1211780"]
[Date "2013.8.27"]
[Round "-"]
[White "Antoniel_Barbosa"]
[Black "EdoVillarroel"]
[Result "1-0"]
[WhiteElo "1947"]
[BlackElo "1962"]

1. e4 e6 2. d4 d5 3. e5 c5 4. Qg4 Nc6 5. Nf3 cxd4 6. Bd3 Qc7 7. O-O Nxe5 8. Nxe5
Qxe5 9. Bf4 Qf6 10. Bg5 h5 11. Qg3 h4 12. Qc7 1-0

[Event "Challenge"]
[Site "http://www.queenalice.com/game.php?id=1211782"]
[Date "2013.8.27"]
[Round "-"]
[White "pestiferous"]
[Black "EdoVillarroel"]
[Result "0-1"]
[WhiteElo "1955"]
[BlackElo "1995"]

1. d4 e6 2. e4 d5 3. Nc3 Nf6 4. e5 Nfd7 5. Nce2 c5 6. c3 Nc6 7. f4 cxd4 8. cxd4
Bb4+ 9. Bd2 Qb6 10. Nf3 O-O 11. Bxb4 Qxb4+ 12. Qd2 Nb6 13. Nc3 Bd7 14. Bd3 Nc4
15. Bxc4 Qxc4 16. Kf2 Rac8 17. Rhc1 Qb4 18. a3 Qb3 19. Qc2 Na5 20. Nd2 Qb6 21.
Qd3 Qxb2 22. Kg1 Rc7 23. Ne2 Bb5 24. Rab1 Rxc1+ 0-1

[Event "Challenge"]
[Site "http://www.queenalice.com/game.php?id=1240277"]
[Date "2013.12.15"]
[Round "-"]
[White "Zugswang"]
[Black "EdoVillarroel"]
[Result "0-1"]
[WhiteElo "2227"]
[BlackElo "2025"]

1. e4 e6 2. d4 d5 3. Nd2 Nf6 4. e5 Nfd7 5. Bd3 c5 6. c3 Nc6 7. Ne2 Qb6 8. Nf3
cxd4 9. cxd4 f6 10. exf6 Nxf6 11. O-O Bd6 12. Bf4 Bxf4 13. Nxf4 Qxb2 14. Re1 O-O
15. Nxe6 Bxe6 16. Rxe6 Rae8 17. Rb1 Qxa2 18. Rxe8 Rxe8 19. Rxb7 Ne4 20. Bc2 Nc3
21. Qd3 Qa1+ 22. Rb1 Nxb1 23. Qxh7+ Kf8 24. Qh8+ Ke7 25. Qxg7+ Kd8 26. h4 Na3+
27. Kh2 Nxc2 28. Qf6+ Kc7 29. Qf7+ Re7 0-1

[Event "Challenge"]
[Site "http://www.queenalice.com/game.php?id=1249431"]
[Date "2014.1.18"]
[Round "-"]
[White "Flamengo_Brasil"]
[Black "EdoVillarroel"]
[Result "0-1"]
[WhiteElo "2250"]
[BlackElo "2066"]

1. e4 e6 2. d4 d5 3. e5 c5 4. c3 Nc6 5. Nf3 Qb6 6. a3 c4 7. Be2 Na5 8. O-O Nb3
9. Ra2 Bd7 10. Bg5 Be7 11. Nbd2 Bxg5 12. Nxg5 Nxd2 13. Qxd2 Ne7 14. Raa1 O-O 15.
Bh5 Nf5 16. Rab1 Qd8 17. Qf4 Qe7 18. Rfe1 Rac8 19. Re2 a5 20. Nf3 b5 21. Ng5 b4
22. axb4 axb4 23. Ra1 Ra8 24. Ree1 h6 25. Nf3 Rfb8 26. Bg4 Rxa1 27. Rxa1 bxc3
28. bxc3 Qa3 29. Rc1 Rb2 30. Bxf5 exf5 31. Nd2 Ra2 32. Nb1 Qb2 33. Rf1 Ba4 34.
Qc1 Bc2 35. Qxb2 Rxb2 36. Na3 Bd3 37. Ra1 Rb3 38. Nxc4 Bxc4 39. Rc1 Kf8 40. f4
Ke7 41. Kf2 Rb2+ 42. Kf3 g5 43. h3 Bd3 44. Ke3 Be4 45. Ra1 Rxg2 46. Ra7+ Kf8 47.
Ra8+ Kg7 48. Ra7 Rg3+ 49. Ke2 gxf4 50. e6 Rg2+ 51. Ke1 f3 52. Rxf7+ Kg6 53. Rf8
f2+ 54. Ke2 Bd3+ 55. Ke3 f1=Q 0-1

[Event "Mate in 1"]
[Site "http://www.queenalice.com/game.php?id=1256617"]
[Date "2014.2.14"]
[Round "1"]
[White "acam"]
[Black "EdoVillarroel"]
[Result "1-0"]
[WhiteElo "2171"]
[BlackElo "2108"]

1. e4 e6 2. d4 d5 3. e5 c5 4. Nf3 Nc6 5. Be3 Qb6 6. Nc3 Qxb2 7. Nb5 cxd4 8. Bd2
Kd8 9. Rb1 Qxa2 10. Qc1 a6 11. Ra1 axb5 12. Rxa2 Rxa2 13. Bxb5 Ba3 14. Qd1 Bc5
15. O-O Nge7 16. Bg5 h6 17. Bxe7+ Kxe7 18. Bxc6 bxc6 19. Nxd4 Bxd4 20. Qxd4 Rxc2
21. Qa4 Rc4 22. Qa3+ c5 23. Rc1 Rxc1+ 24. Qxc1 Rd8 25. Qxc5+ Ke8 26. Kf1 Ba6+
27. Ke1 d4 28. Qc6+ Ke7 29. Qxa6 d3 30. Kd2 f5 31. Qa3+ Ke8 32. Qc5 1-0

[Event "AUTO-ADV-2885"]
[Site "http://www.queenalice.com/game.php?id=1259085"]
[Date "2014.2.23"]
[Round "2"]
[White "EdoVillarroel"]
[Black "Nunes"]
[Result "0-1"]
[WhiteElo "2065"]
[BlackElo "2139"]

1. e4 e5 2. d4 exd4 3. c3 d3 4. Nf3 Nc6 5. Bxd3 d6 6. O-O Be6 7. Bf4 Qd7 8. b4
O-O-O 9. b5 Na5 10. a4 Bc4 11. Na3 Bxd3 12. Qxd3 d5 13. Ne5 Qe6 14. Qe3 Kb8 15.
exd5 Rxd5 16. Rfe1 Bxa3 17. Nxf7 Qxe3 18. Rxe3 Ne7 19. Nxh8 Bc5 0-1

[Event "AUTO-ADV-2885"]
[Site "http://www.queenalice.com/game.php?id=1259086"]
[Date "2014.2.23"]
[Round "2"]
[White "Nunes"]
[Black "EdoVillarroel"]
[Result "1-0"]
[WhiteElo "2128"]
[BlackElo "2079"]

1. e4 e6 2. d4 d5 3. Nc3 Nf6 4. e5 Nfd7 5. f4 c5 6. Nf3 Nc6 7. Be2 a6 8. a4 cxd4
9. Nxd4 Bc5 10. Nxc6 bxc6 11. Qd3 O-O 12. Be3 Rb8 13. b3 Nxe5 14. fxe5 Bxe3 15.
Qxe3 d4 16. Qh3 1-0

[Event "AUTO-ADV-2885"]
[Site "http://www.queenalice.com/game.php?id=1259087"]
[Date "2014.2.23"]
[Round "2"]
[White "EdoVillarroel"]
[Black "lazingarafelice"]
[Result "1-0"]
[WhiteElo "2052"]
[BlackElo "1794"]

1. e4 c5 2. c3 Nc6 3. d4 cxd4 4. cxd4 d5 5. exd5 Qxd5 6. Nf3 Bg4 7. Be2 Rd8 8.
Nc3 Qd7 9. d5 Bxf3 10. gxf3 Nb4 11. Bb5 Nc6 12. Qa4 Qd6 13. dxc6 Qe5+ 14. Be3 f5
15. c7+ Qxb5 16. Qxb5+ Kf7 17. cxd8=N+ Kg6 18. Qe8+ Kf6 19. Qf7+ 1-0

[Event "AUTO-ADV-2885"]
[Site "http://www.queenalice.com/game.php?id=1259088"]
[Date "2014.2.23"]
[Round "2"]
[White "lazingarafelice"]
[Black "EdoVillarroel"]
[Result "0-1"]
[WhiteElo "1788"]
[BlackElo "2058"]

1. e4 e6 2. a3 d5 3. exd5 exd5 4. d4 Nf6 5. h3 Bd6 6. Nf3 O-O 7. Be2 Re8 8. Be3
b6 9. O-O Bf5 10. c4 Be4 11. Nfd2 c6 12. Nxe4 Nxe4 13. cxd5 cxd5 14. Bb5 Nd7 15.
Nc3 Nxc3 16. bxc3 a6 17. Bxd7 Qxd7 18. Qb3 b5 19. Qxd5 Bh2+ 20. Kxh2 Qxd5 21. a4
bxa4 22. Rxa4 Qb3 23. Rfa1 Qxc3 24. R1a3 Qc7+ 25. g3 f5 26. Ra5 Rxe3 27. Rc5
Qxc5 28. Rxa6 Rxa6 29. dxc5 Re2 30. Kg2 Raa2 31. g4 Rxf2+ 32. Kg1 Rfb2 0-1